000 nam a22 7a 4500
999 _c7812
_d7812
008 171018b xxu||||| |||| 00| 0 eng d
100 _aKapoor
_92842
245 _aSocial Science
260 _aNew Delhi